000
00518nam a2200181Ia 4500
008
090124s9999 xx 000 0 und d
082
_b
31115
100
_a
नेने मधु
245
_a
सहासष्ट कविता
250
_a
0
260
_b
कौशिक एम. के.
300
_a
68
600
_a
नेने मधु
630
_a
सहासष्ट कविता
700
_a
नेने मधु
730
_a
सहासष्ट कविता
942
_c
BOOK
999
_c
97197
_d
97197